| 000 | 00576nam a2200181Ia 4500 | ||
|---|---|---|---|
| 003 | GCL | ||
| 008 | 140319s9999 xx 000 0 ara d | ||
| 040 |
_aGCL / _cGCL |
||
| 082 | 0 | 4 |
_a229 _bع ر |
| 100 | 1 | _aعبدالعزيز الشناوى | |
| 245 | 1 | 0 |
_aرجال ذكرهم القران / _cعبدالعزيز الشناوى |
| 260 |
_a[S.N] : _bمكتبة الايمان للطبع والنشر والتوزيع ، _c1992 |
||
| 300 | _a175 ص | ||
| 490 | _a | ||
| 650 | 0 | 4 | _aالقران - سور وايات |
| 650 | 0 | 4 | _aالقصص القرآنية |
| 942 |
_2ddc _cBK |
||
| 999 |
_c52778 _d52778 |
||